Stories of modern Italy

Guardado en:
Bibliografiske detaljer
Hovedforfatter: Johnson, Ben
Format: Bog
Sprog:Undetermined
Udgivet: Estados Unidos Random House Inc. 1960
Fag:
Tags: Tilføj Tag
Ingen Tags, Vær først til at tagge denne postø!

MARC

LEADER 00000nam a2200000Ia 4500
008 170316s9999 xx 000 0 und d
999 |c 8156  |d 8156 
040 |a cru BVZT 
090 |a 850 J-1s 
100 |a Johnson, Ben 
245 |a Stories of modern Italy  |c / Ben Johnson 
260 |a Estados Unidos  |b Random House Inc.  |c 1960 
300 |a 511 páginas 
650 |a LITERATURA ITALIANA  |9 212 
942 |c SALA  |h 850 J-1s  |2 z